| 000 | 00735nam a22002057a 4500 | ||
|---|---|---|---|
| 999 |
_c19317 _d19317 |
||
| 003 | AR-CdUCM | ||
| 008 | 190517b ||||| |||| 00| 0 spa d | ||
| 040 |
_aMUNICIPALIDAD PROVINCIAL DEL CUSCO _cBIBLIOTECA MUNICIPAL DEL CUSCO |
||
| 082 |
_a869.04 / _bT73 |
||
| 100 |
_aTorres Rioseco, A. _940587 |
||
| 245 | _aEnsayos sobre literatura Latinoamericana / | ||
| 260 |
_aMéxico : _bFondo de cultura económica, _c1958. |
||
| 300 |
_a204 páginas ; _c22 cm. |
||
| 505 | _aContenido : Libertad d expresión en las Américas -- Conocimiento y desconocimiento de la América Latina -- Poesías... | ||
| 650 |
_aTemas literarios _926689 |
||
| 650 |
_aCulturales _940588 |
||
| 650 |
_aPoesias _92556 |
||
| 942 |
_2ddc _cLIBROS |
||
| 945 | _arcc | ||